000
00217 a2200097 4500
001
5870
100
_a
Jennings
245
_a
Mathematical solution of engineering problems
260
_a
_b
Spon
_c
090
_c
4794
_d
4794
942
_a
NUST-CAE
_c
M
_c
31149
999
_c
240943
_d
240943